Characters inthe Millennium Trilogy Quiz Stats

 Plays Quiz not verified by Sporcle

Challenge
Share
Tweet
Embed
Score 0/49 Timer 10:00
0 Plays Today
Hint % Correct
Millennium Staff MemberMikael Blomkvist
91.4%
Millennium Staff MemberErika Berger
85.7%
Vanger FamilyHarriet Vanger
82.9%
Salander Family Lisbeth Salander
80%
Milton SecurityDragan Armansky
77.1%
GuardianNils Bjurman
74.3%
Millennium Staff MemberChrister Malm
71.4%
Salander FamilyAlexander Zalachenko
71.4%
Vanger FamilyHenrik Vanger
65.7%
Vanger FamilyMartin Vanger
65.7%
GuardianHolger Palmgren
65.7%
Salander FamilyRonald Niedermann
62.9%
Salander AssociatePlague
62.9%
Salander AssociateMiriam Wu
57.1%
Salander TrialAnnika Giannini
57.1%
Millennium Staff MemberHenry Cortez
54.3%
Stockholm Police ForceJan Bublanski
54.3%
Millennium Staff MemberMalin Eriksson
51.4%
Salander TrialPeter Teleborian
51.4%
Vanger FamilyCecilia Vanger
45.7%
Stockholm Police ForceHans Faste
42.9%
SapoMonica Figuerola
42.9%
Vanger Family AssociateDirch Frode
40%
Salander TrialRichard Ekström
40%
Salander AssociateTrinity
37.1%
Hint % Correct
Stockholm Police ForceSonja Modig
37.1%
SapoFrederik Clinton
37.1%
Millennium Staff MemberDag Svensson
34.3%
Associated with Millennium Staff MemberMia Johansson
34.3%
SapoEvert Gullberg
34.3%
Vanger FamilyGottfried Vanger
31.4%
SapoGunnar Björck
28.6%
Svavelsjö MCSonny Nieminen
28.6%
HospitalDoctor Jonasson
28.6%
SMPAnders Holm
28.6%
Svavelsjö MCMagge Lundin
25.7%
VillianHans-Erik Wennerstrom
22.9%
Associated with Millennium Staff MemberGregor Beckman
20%
Milton SecuritySusanne Linder
20%
SapoTorsten Edklinth
17.1%
SapoWadensjöö
11.4%
GrenadaGeorge Bland
11.4%
SMPMagnus Borgsjö
8.6%
HospitalIdris Ghidi
5.7%
SMPHakan Morander
5.7%
Millennium Staff MemberMonica Nilsson
5.7%
GrenadaDoctor Forbes
5.7%
SMPPeter Frederiksson
2.9%
SMPJohannes Frisk
2.9%

You're not logged in!

Compare scores with friends on all Sporcle quizzes.
OR
Log In

You Might Also Like...

Show Comments

Extras

Created Aug 1, 2010ReportNominate
Tags:Young Adult Quiz

Top Quizzes Today


Score Distribution

Your Account Isn't Verified!

In order to create a playlist on Sporcle, you need to verify the email address you used during registration. Go to your Sporcle Settings to finish the process.

Report this User

Report this user for behavior that violates our Community Guidelines.

Details: